[Event "61st World Juniors 2024"]
[Site "Gandhinagar IND"]
[Date "2024.06.04"]
[Round "3.47"]
[White "Fecker, Noah"]
[Black "Matsumura, Cocoro"]
[Result "1-0"]
[WhiteTitle "FM"]
[WhiteElo "2390"]
[BlackElo "2032"]
[WhiteFideId "1334263"]
[BlackFideId "36087114"]
[EventDate "2024.06.02"]

1. e4 c5 2. Nf3 d6 3. d4 cxd4 4. Nxd4 Nf6 5. Nc3 a6 6. Bd3 e5 7. Nde2 Be7 8. O-O
O-O 9. Ng3 Be6 10. Nd5 Nbd7 11. c4 Rb8 12. a4 Nc5 13. Be3 Nxd3 14. Qxd3 b5 15.
cxb5 axb5 16. a5 Nxd5 17. exd5 Bd7 18. b4 f5 19. f4 g5 20. fxe5 f4 21. e6 Be8
22. Bb6 Rxb6 23. axb6 fxg3 24. Rxf8+ Bxf8 25. Qe3 gxh2+ 26. Kh1 Bg7 27. e7 Qb8
28. Qe6+ Kh8 29. Rf1 h5 30. Rf8+ Kh7 31. Qg8+ Kh6 32. Rxe8 Qxb6 33. Qe6+ 1-0

[Event "61st World Juniors 2024"]
[Site "Gandhinagar IND"]
[Date "2024.06.04"]
[Round "3.48"]
[White "Sharnarthi Shlok"]
[Black "Jval Saurin Patel"]
[Result "0-1"]
[WhiteElo "1838"]
[BlackElo "2085"]
[WhiteFideId "25977776"]
[BlackFideId "25968343"]
[EventDate "2024.06.02"]

1. e4 e6 2. d3 d5 3. Nd2 Nf6 4. g3 Be7 5. Bg2 O-O 6. Ngf3 c5 7. O-O Nc6 8. e5
Nd7 9. Re1 b5 10. Nf1 a5 11. h4 Ba6 12. h5 b4 13. N1h2 a4 14. Bf4 Nb6 15. Ng4 c4
16. d4 c3 17. b3 axb3 18. axb3 Bb5 19. Rxa8 Qxa8 20. h6 g6 21. Bg5 Nd7 22. Qc1
Qd8 23. Bxe7 Qxe7 24. Bh3 f5 25. exf6 Nxf6 26. Qe3 Ne4 27. Nfe5 Nd8 28. Ra1 Nd6
29. f3 Nf5 30. Qf2 Qb7 31. Bf1 Bxf1 32. Kxf1 Nc6 33. Nxc6 Qxc6 34. Qe1 Qb5+ 35.
Kg2 Qb6 36. Qe5 Qxd4 37. Nf6+ Rxf6 38. Ra8+ Kf7 39. Qb8 Qd2+ 40. Kh3 Qxh6+ 41.
Kg2 Nh4+ 42. gxh4 Qd2+ 43. Kg3 Qe1+ 44. Kg4 Qg1+ 45. Qg3 h5+ 46. Kh3 Qh1+ 47.
Qh2 Rxf3# 0-1

[Event "61st World Juniors 2024"]
[Site "Gandhinagar IND"]
[Date "2024.06.04"]
[Round "3.49"]
[White "Safarov, Deniel"]
[Black "Katta, Sriansh"]
[Result "1-0"]
[WhiteElo "2059"]
[BlackElo "1753"]
[WhiteFideId "13619802"]
[BlackFideId "30981034"]
[EventDate "2024.06.02"]

1. e4 c5 2. Nf3 Nc6 3. d4 cxd4 4. Nxd4 e5 5. Nb5 d6 6. N1c3 a6 7. Na3 Be7 8. Nc4
b5 9. Ne3 Nf6 10. Bd3 O-O 11. a4 bxa4 12. Rxa4 Nd4 13. O-O Bb7 14. Ncd5 Nxd5 15.
Nxd5 Bxd5 16. exd5 f5 17. Rxa6 Rxa6 18. Bxa6 Qa8 19. Bc4 Rc8 20. b3 Qb7 21. f4
Kh8 22. Be3 Qd7 23. Qd3 Bf6 24. fxe5 dxe5 25. Bxd4 exd4 26. Qxf5 Qd8 27. Bd3 Qg8
28. d6 Rd8 29. d7 Ra8 30. Re1 Rf8 31. Re8 h6 32. Rxf8 1-0

[Event "61st World Juniors 2024"]
[Site "Gandhinagar IND"]
[Date "2024.06.04"]
[Round "3.50"]
[White "Eugen Mehul Shah"]
[Black "Halynyazov, Vepaly"]
[Result "0-1"]
[WhiteElo "1744"]
[BlackElo "2058"]
[WhiteFideId "33444552"]
[BlackFideId "14004020"]
[EventDate "2024.06.02"]

1. d4 d5 2. c4 e6 3. Nf3 Nf6 4. g3 dxc4 5. Bg2 c5 6. O-O Nc6 7. dxc5 Qxd1 8.
Rxd1 Bxc5 9. Nbd2 Bxf2+ 10. Kxf2 Ng4+ 11. Kg1 Ne3 12. Rf1 Nxf1 13. Kxf1 f6 14.
Nxc4 O-O 15. b3 Rd8 16. Ba3 Bd7 17. Nd6 Rab8 18. Rc1 b6 19. Ne1 Nd4 20. Rc7 Bb5
21. Nd3 a6 22. Kf2 Bxd3 23. exd3 Nb5 24. Nxb5 axb5 25. Ke3 Rbc8 26. Rxc8 Rxc8
27. Kd2 Kf7 28. Bb4 g5 29. a3 Kg6 30. Bb7 Rh8 31. Bc6 h5 32. Bxb5 h4 33. Ke3
hxg3 34. hxg3 f5 35. Bd6 Rh3 36. Bc7 f4+ 37. Kf3 Rxg3+ 38. Kf2 Kf5 39. Bxb6 Rh3
40. Kg2 g4 41. Bc7 Rh7 42. Bd6 e5 43. Bc6 f3+ 44. Kg1 Rh6 45. Be4+ Kf4 46. Bb4
Ke3 47. Be1 Ke2 48. Bg3 Rh3 49. Bf2 g3 50. Bxf3+ Kxf3 0-1

[Event "61st World Juniors 2024"]
[Site "Gandhinagar IND"]
[Date "2024.06.04"]
[Round "3.51"]
[White "Rohith S"]
[Black "Talgatov, Nazar"]
[Result "1/2-1/2"]
[WhiteElo "1866"]
[BlackElo "2108"]
[WhiteFideId "45075360"]
[BlackFideId "13743694"]
[EventDate "2024.06.02"]

1. e4 e5 2. Nf3 Nf6 3. Nxe5 d6 4. Nf3 Nxe4 5. d3 Nf6 6. h3 d5 7. d4 Bd6 8. Bd3
O-O 9. O-O Nbd7 10. c4 dxc4 11. Bxc4 Nb6 12. Bb3 h6 13. Nc3 Bf5 14. Ne5 c6 15.
Qf3 Bh7 16. Bf4 Bc7 17. Rad1 Nbd5 18. Bxd5 cxd5 19. Ng4 Be4 20. Qe3 Nxg4 21.
hxg4 Re8 22. Bxc7 Qxc7 23. Rfe1 Re6 24. Qd2 Qd6 25. f3 Bg6 26. Rxe6 fxe6 27. Re1
Rc8 28. Rc1 Qb6 29. Kh1 Rc4 30. Ne2 Qd8 31. Rxc4 dxc4 32. Nf4 Bf7 33. Qe3 Qb6
34. Qc3 Qd6 35. Qe3 b5 36. a3 a5 37. Qe5 Qxe5 38. dxe5 b4 39. axb4 axb4 40. Kg1
Bg6 41. Ne2 c3 42. b3 Kf7 43. Kf2 Bd3 44. Nc1 Bb5 45. Na2 c2 46. Ke1 Kg6 47. Kd2
Kg5 48. Nxb4 Bf1 49. Nxc2 Kf4 50. Ne1 g6 51. b4 h5 52. gxh5 gxh5 53. Nd3+ Kg3
54. Ke3 Bxg2 55. Nf4 Bxf3 56. Nxe6 h4 57. Nf4 Bc6 58. e6 h3 59. Nxh3 Kxh3 60.
Kf4 Kh4 61. Kf5 Kh5 62. Ke5 Kg6 63. Kd6 Ba4 64. Kc5 Kf6 65. Kd6 Bb5 66. Kc5 Ba4
67. b5 Bxb5 68. Kxb5 Kxe6 1/2-1/2

[Event "61st World Juniors 2024"]
[Site "Gandhinagar IND"]
[Date "2024.06.04"]
[Round "3.52"]
[White "De Maupeou D'ableiges, Alexandre"]
[Black "Jihan Tejas Shah"]
[Result "0-1"]
[WhiteElo "1831"]
[BlackElo "1956"]
[WhiteFideId "4313585"]
[BlackFideId "33370109"]
[EventDate "2024.06.02"]

1. e4 c5 2. d4 cxd4 3. c3 Nf6 4. e5 Nd5 5. c4 Nc7 6. Qxd4 Nc6 7. Qe3 d5 8. exd6
Qxd6 9. Nf3 Bf5 10. Be2 Bxb1 11. Rxb1 Qg6 12. O-O Qxb1 13. Qb3 O-O-O 14. Ng5 Qg6
15. Qh3+ e6 16. Bh5 Qd3 17. Be3 f5 18. g3 Be7 19. Nf7 f4 20. Bxf4 Qf5 21. Qxf5
exf5 22. Bf3 Nd4 23. Bd1 Bf6 24. Kg2 Rhf8 25. Nd6+ Kb8 26. h4 Nde6 27. c5 Nxf4+
28. gxf4 Be7 29. Nc4 Bxc5 30. Bf3 Rd4 31. Na5 Rxf4 32. Nxb7 Bb6 33. Nd6 Rd4 34.
Nb7 Nd5 35. Nd6 Nf4+ 36. Kg3 Rxd6 37. Kxf4 Bc7 38. Kg5 Rg6+ 39. Kh5 Bf4 0-1

[Event "61st World Juniors 2024"]
[Site "Gandhinagar IND"]
[Date "2024.06.04"]
[Round "3.53"]
[White "Ayushh, Ravikumar"]
[Black "Alhejab, Meshal"]
[Result "1-0"]
[WhiteTitle "FM"]
[WhiteElo "1950"]
[BlackElo "1837"]
[WhiteFideId "35039482"]
[BlackFideId "10302603"]
[EventDate "2024.06.02"]

1. d4 Nf6 2. c4 e6 3. g3 d5 4. Bg2 dxc4 5. Qa4+ c6 6. Qxc4 Nd5 7. Nf3 b5 8. Qb3
a5 9. a4 b4 10. Ne5 Bb7 11. Nd2 Be7 12. Ndc4 Na6 13. O-O c5 14. e4 Nf6 15. d5
exd5 16. exd5 Bxd5 17. Rd1 O-O 18. Nc6 Qc7 19. Rxd5 Nxd5 20. Bxd5 Bd6 21. Nxd6
Qxd6 22. Bf4 Qf6 23. Be5 Qg5 24. f4 Qg4 25. Ne7+ Kh8 26. Bxa8 Rxa8 27. Qxf7 1-0

[Event "61st World Juniors 2024"]
[Site "Gandhinagar IND"]
[Date "2024.06.04"]
[Round "3.54"]
[White "Boricha Yohan"]
[Black "Swarna Nihal"]
[Result "0-1"]
[WhiteElo "1811"]
[BlackElo "1949"]
[WhiteFideId "46672923"]
[BlackFideId "25683640"]
[EventDate "2024.06.02"]

1. e4 c5 2. Nf3 d6 3. c3 Nf6 4. h3 g6 5. Bd3 Bg7 6. Bc2 Nc6 7. d4 e5 8. dxc5
dxc5 9. Qxd8+ Kxd8 10. Na3 Ne8 11. O-O Ke7 12. Nc4 Be6 13. Ne3 f6 14. Rd1 Rd8
15. Rxd8 Kxd8 16. a4 Nd6 17. b3 Kc7 18. Ba3 b6 19. b4 cxb4 20. cxb4 Nd4 21. Nxd4
exd4 22. Nd5+ Kb7 23. Nf4 Bf7 24. Bb2 Rc8 25. Bd3 f5 26. exf5 Nxf5 27. Be4+ Kb8
28. a5 Nd6 29. Bd3 g5 30. Ne2 Bc4 31. Rd1 Nb5 32. Ng3 Bxd3 33. Rxd3 Rc2 34. Nf5
Be5 35. Rb3 Nc3 36. g3 d3 37. Ne3 Rxb2 38. Rxb2 Ne2+ 39. Rxe2 dxe2 40. Nc2 Bc3
41. axb6 axb6 42. f4 e1=Q+ 43. Nxe1 Bxe1 44. f5 Bxb4 45. Kf2 Kc7 46. Kf3 Be7 47.
Ke4 Kd6 48. Kd4 Bf6+ 49. Ke4 b5 0-1

[Event "61st World Juniors 2024"]
[Site "Gandhinagar IND"]
[Date "2024.06.04"]
[Round "3.55"]
[White "Vihaan Karthikeya N"]
[Black "Makwana, Devam"]
[Result "1-0"]
[WhiteElo "1936"]
[BlackElo "1820"]
[WhiteFideId "25950673"]
[BlackFideId "25632566"]
[EventDate "2024.06.02"]

1. d4 d5 2. c4 c6 3. Nc3 Nf6 4. Nf3 e6 5. e3 Nbd7 6. Qc2 Bd6 7. Bd3 dxc4 8. Bxc4
b5 9. Bd3 Bb7 10. O-O O-O 11. Rd1 Qc7 12. e4 e5 13. h3 Rac8 14. Bg5 b4 15. Ne2
h6 16. Bh4 c5 17. dxe5 Bxe5 18. Nxe5 Qxe5 19. f4 Qc7 20. e5 Nd5 21. Qd2 N7b6 22.
Rac1 c4 23. Bf5 Rb8 24. Nd4 c3 25. bxc3 Nc4 26. Qf2 bxc3 27. Qg3 Kh8 28. Rd3 Qb6
29. Kh1 Qb2 30. Rcxc3 Nxf4 31. Rc2 Qa1+ 32. Kh2 Nxd3 33. Bf6 gxf6 34. Qh4 Kg8
35. Qxh6 1-0

[Event "61st World Juniors 2024"]
[Site "Gandhinagar IND"]
[Date "2024.06.04"]
[Round "3.56"]
[White "Arshpreet Singh"]
[Black "Mankga, Thabang"]
[Result "1-0"]
[WhiteElo "1932"]
[BlackElo "1817"]
[WhiteFideId "25902113"]
[BlackFideId "14334798"]
[EventDate "2024.06.02"]

1. e4 c5 2. c3 d5 3. exd5 Qxd5 4. Nf3 Nc6 5. Na3 Bf5 6. Bc4 Qd7 7. d4 e6 8. O-O
cxd4 9. Nb5 O-O-O 10. Bf4 a6 11. Qa4 f6 12. Nfxd4 Bc5 13. Rad1 e5 14. Nxf5 Qxf5
15. Be3 Rxd1 16. Rxd1 axb5 17. Qa8+ Kc7 18. Bxc5 bxc4 19. Qf8 Nge7 20. Qxh8 Qg4
21. f3 Qe6 22. Qxg7 b6 23. Bd6+ Kb7 24. Qxh7 Ka6 25. Bxe7 Nxe7 26. Qe4 Ka7 27.
b3 cxb3 28. axb3 Nc6 29. Qd5 1-0

[Event "61st World Juniors 2024"]
[Site "Gandhinagar IND"]
[Date "2024.06.04"]
[Round "3.57"]
[White "Arul Prakash N"]
[Black "Piyush, Kumar"]
[Result "1-0"]
[WhiteElo "1907"]
[BlackElo "1795"]
[WhiteFideId "45061114"]
[BlackFideId "25674927"]
[EventDate "2024.06.02"]

1. d4 d5 2. c4 c6 3. Nc3 Nf6 4. e3 e6 5. Nf3 Nbd7 6. Bd3 Bd6 7. O-O O-O 8. b3 e5
9. cxd5 cxd5 10. Nb5 Qe7 11. Nxd6 Qxd6 12. dxe5 Nxe5 13. Be2 Nfg4 14. g3 Rd8 15.
Bb2 Ng6 16. Rc1 Nf6 17. Qd4 Bf5 18. Rfd1 h5 19. Nh4 Be4 20. Nxg6 fxg6 21. f3 Bf5
22. e4 Qe7 23. exf5 Qxe2 24. Re1 Qxf3 25. Re7 Re8 26. Rxg7+ Kh8 27. Re7 Rxe7 28.
Qxf6+ 1-0

[Event "61st World Juniors 2024"]
[Site "Gandhinagar IND"]
[Date "2024.06.04"]
[Round "3.58"]
[White "Jyotshnav Talukdar"]
[Black "Bedi, Vaibhav"]
[Result "1-0"]
[WhiteElo "1898"]
[BlackElo "1706"]
[WhiteFideId "25924370"]
[BlackFideId "7501900"]
[EventDate "2024.06.02"]

1. d4 Nf6 2. c4 e6 3. g3 d5 4. Bg2 c5 5. Nf3 Nc6 6. O-O Bd6 7. cxd5 exd5 8. dxc5
Bxc5 9. Nbd2 Qb6 10. Nb3 Bxf2+ 11. Rxf2 Ng4 12. e3 Nxf2 13. Kxf2 Nb4 14. a3 Nc6
15. Bd2 Bg4 16. Bc3 O-O 17. Nbd4 Ne5 18. h3 Bxf3 19. Nxf3 Nc4 20. Qd4 Qxd4 21.
Nxd4 Rad8 22. Nf5 Rfe8 23. Nxg7 Rxe3 24. Nf5 Rd3 25. Ke2 Nxb2 26. Bxb2 Rb3 27.
Bd4 h5 28. Bxd5 Rb5 29. Ne3 Rbxd5 30. Nxd5 Rxd5 31. Bxa7 Rb5 32. a4 Ra5 33. Bb6
Rg5 34. Kf3 Rd5 35. a5 Rb5 36. Rd1 Rb3+ 37. Kf4 Rb4+ 38. Rd4 Rb5 39. Rd7 Rb4+
40. Kg5 Rb3 41. Rxb7 Rxg3+ 42. Kf5 Ra3 43. Kg5 Kg7 44. Bd4+ Kg8 45. Rb8+ 1-0

[Event "61st World Juniors 2024"]
[Site "Gandhinagar IND"]
[Date "2024.06.04"]
[Round "3.59"]
[White "Vengatesh, Krishnan C"]
[Black "Dishank Sachin Bajaj"]
[Result "0-1"]
[WhiteElo "1790"]
[BlackElo "1893"]
[WhiteFideId "45050457"]
[BlackFideId "25953036"]
[EventDate "2024.06.02"]

1. e4 e5 2. Nf3 Nc6 3. Bc4 Bc5 4. d3 Nf6 5. c3 a6 6. a4 Ba7 7. O-O d6 8. b4 O-O
9. Re1 h6 10. Nbd2 Be6 11. h3 Qd7 12. Nf1 Bxc4 13. dxc4 Qe6 14. Qe2 Nh5 15. g4
Nf4 16. Bxf4 exf4 17. Rad1 Rae8 18. Qd3 Qf6 19. Kg2 Re6 20. N1d2 Rfe8 21. Rg1
Qe7 22. Rde1 a5 23. Rb1 Bb6 24. bxa5 Nxa5 25. Nd4 Re5 26. Rb5 Nc6 27. Rgb1 Qf6
28. N4f3 Rxb5 29. cxb5 Ne5 30. Nxe5 dxe5 31. Nb3 Rd8 32. Qf3 Qe6 33. a5 Ba7 34.
Qe2 Qd6 35. c4 Qb4 36. Qc2 h5 37. a6 bxa6 38. Nd4 Qc5 39. Nc6 Rd6 40. Ra1 f3+
41. Kg1 hxg4 42. Nxa7 Qxa7 43. hxg4 Qd4 44. Rxa6 Rxa6 45. bxa6 Qa1+ 46. Kh2 Qf1
47. Kg3 Qg2+ 48. Kh4 Qh2+ 49. Kg5 Qh6+ 50. Kf5 Qf4# 0-1

[Event "61st World Juniors 2024"]
[Site "Gandhinagar IND"]
[Date "2024.06.04"]
[Round "3.60"]
[White "Insara, S D Nadev"]
[Black "BRUGETTE, Romain"]
[Result "1-0"]
[WhiteElo "1874"]
[BlackElo "1655"]
[WhiteFideId "29932050"]
[BlackFideId "9700676"]
[EventDate "2024.06.02"]

1. c4 c5 2. Nf3 Nc6 3. Nc3 Nf6 4. g3 d5 5. cxd5 Nxd5 6. Bg2 Nc7 7. O-O e5 8. d3
Be7 9. Be3 O-O 10. Rc1 f6 11. Na4 b6 12. Ng5 Bd7 13. Qb3+ Kh8 14. Nf7+ Rxf7 15.
Qxf7 Rc8 16. Nc3 Be6 17. Qh5 Nd4 18. Bxd4 cxd4 19. Nd1 f5 20. Qf3 g6 21. Qb7 Nb5
22. Rxc8 Bxc8 23. Qd5 Qxd5 24. Bxd5 Nc7 25. Bb3 a5 26. f4 exf4 27. gxf4 Bb7 28.
e3 dxe3 29. Nxe3 Bc5 30. Kf2 a4 31. Bxa4 Nd5 32. Re1 Ba6 33. Kf3 Nxe3 34. Rxe3
Bb7+ 35. Ke2 Bxe3 36. Kxe3 Kg7 37. Bb5 Kf6 38. b4 h6 39. a4 g5 40. a5 bxa5 41.
bxa5 Ke6 42. a6 Ba8 43. d4 Be4 44. Bc4+ Kd6 45. d5 Kc7 46. a7 Kb7 47. d6 Bc6 48.
Bd5 Kxa7 49. Bxc6 1-0

[Event "61st World Juniors 2024"]
[Site "Gandhinagar IND"]
[Date "2024.06.04"]
[Round "3.61"]
[White "Dhairya Amit Shroff"]
[Black "Borkhetariya Devarsh M"]
[Result "0-1"]
[WhiteElo "1459"]
[BlackElo "1864"]
[WhiteFideId "33402094"]
[BlackFideId "25777033"]
[EventDate "2024.06.02"]

1. e4 e5 2. Nf3 Nf6 3. Nxe5 d6 4. Nf3 Nxe4 5. Nc3 Nf6 6. d4 Be7 7. Bf4 O-O 8.
Qd2 a6 9. h3 b5 10. Bd3 Bb7 11. O-O-O Nbd7 12. Rde1 Re8 13. Rhg1 c5 14. dxc5
Nxc5 15. Nh2 Qa5 16. Kb1 b4 17. Ne2 Nd5 18. g4 Bf6 19. g5 Bc3 20. bxc3 Nxc3+ 21.
Nxc3 bxc3 22. Rxe8+ Rxe8 23. Qc1 Bd5 24. a3 Rb8+ 25. Ka1 Rb2 26. Qxb2 cxb2+ 27.
Kxb2 Nxd3+ 28. cxd3 Qb6+ 29. Kc3 Qc5+ 30. Kd2 Qxf2+ 31. Kc3 Qxg1 32. Bxd6 f5 33.
gxf6 gxf6 34. Ng4 Kf7 35. d4 Qc1+ 36. Kd3 Bc4+ 37. Ke4 f5+ 38. Kxf5 Bd3+ 39. Ke5
Qg5# 0-1

[Event "61st World Juniors 2024"]
[Site "Gandhinagar IND"]
[Date "2024.06.05"]
[Round "4.1"]
[White "Dudin, Gleb"]
[Black "Cardoso Cardoso, Jose Gabriel"]
[Result "0-1"]
[WhiteTitle "GM"]
[BlackTitle "GM"]
[WhiteElo "2532"]
[BlackElo "2497"]
[WhiteFideId "34184934"]
[BlackFideId "4430492"]
[EventDate "2024.06.02"]

1. d4 Nf6 2. c4 e6 3. g3 d5 4. Bg2 Bb4+ 5. Nd2 O-O 6. Nf3 dxc4 7. Qc2 a5 8. a3
Bxd2+ 9. Bxd2 b5 10. a4 c6 11. h4 Ra6 12. h5 h6 13. g4 Nxg4 14. Rg1 f5 15. Bh3
e5 16. dxe5 Qe8 17. O-O-O Qxh5 18. Bc3 b4 19. Bd4 c3 20. Bc5 Re8 21. bxc3 Nd7
22. Bd6 Ndxe5 23. Bxe5 Nxe5 24. Nxe5 Rxe5 25. cxb4 Qxh3 26. Qb2 Qh2 27. Rg3 Re7
28. Rd8+ Kh7 29. Rxc8 Qxf2 30. Qc3 Qf1+ 31. Kb2 Rxe2+ 32. Ka3 axb4+ 33. Kxb4
Rxa4+ 34. Kxa4 Ra2+ 0-1

[Event "61st World Juniors 2024"]
[Site "Gandhinagar IND"]
[Date "2024.06.05"]
[Round "4.2"]
[White "Mayank, Chakraborty"]
[Black "Nogerbek, Kazybek"]
[Result "1/2-1/2"]
[WhiteTitle "IM"]
[BlackTitle "IM"]
[WhiteElo "2425"]
[BlackElo "2502"]
[WhiteFideId "25659766"]
[BlackFideId "13710427"]
[EventDate "2024.06.02"]

1. e4 e5 2. Nf3 Nc6 3. Bc4 Nf6 4. d3 a6 5. O-O h6 6. a4 Bc5 7. c3 d6 8. Re1 O-O
9. h3 Re8 10. Nbd2 Ba7 11. b4 Be6 12. Bxe6 Rxe6 13. Qc2 b5 14. Rb1 d5 15. Nf1
Qd7 16. Be3 Bxe3 17. Nxe3 Rd8 18. axb5 axb5 19. Red1 g6 20. exd5 Nxd5 21. Nxd5
Qxd5 22. c4 Qd7 23. cxb5 Na7 24. d4 e4 25. Ne5 Qe8 26. b6 cxb6 27. Ng4 h5 28. d5
Red6 29. Ne3 Nb5 30. Rbc1 R8d7 31. Qa4 Ra7 32. Qb3 Rd8 33. Rc6 Qe5 34. Rxb6 Ra3
35. Qc4 Nd6 36. Qc2 Qf4 37. Rc6 Rda8 38. Qe2 Rb3 39. g3 Qe5 40. Nc4 Nxc4 41.
Rxc4 e3 42. f4 Qd6 43. Re4 h4 44. gxh4 Rxb4 45. Qxe3 Rxe4 46. Qxe4 Ra2 47. Qe8+
Kh7 48. Qxf7+ Kh6 49. h5 Qc5+ 50. Kh1 Rh2+ 51. Kxh2 Qf2+ 52. Kh1 Qf3+ 53. Kg1
Qg3+ 54. Kf1 Qf3+ 1/2-1/2

[Event "61st World Juniors 2024"]
[Site "Gandhinagar IND"]
[Date "2024.06.05"]
[Round "4.3"]
[White "Anuj, Shrivatri"]
[Black "Siddharth, Jagadeesh"]
[Result "1/2-1/2"]
[WhiteTitle "IM"]
[BlackTitle "IM"]
[WhiteElo "2390"]
[BlackElo "2525"]
[WhiteFideId "35070924"]
[BlackFideId "5818320"]
[EventDate "2024.06.02"]

1. Nf3 Nf6 2. c4 c5 3. Nc3 Nc6 4. g3 g6 5. d4 cxd4 6. Nxd4 Bg7 7. Bg2 h5 8. h3
Nxd4 9. Qxd4 d6 10. Qd3 O-O 11. Bf4 Bd7 12. O-O Bc6 13. Rac1 Nd7 14. b3 Nc5 15.
Qd2 a6 16. Nd5 Bxd5 17. Qxd5 a5 18. Rb1 Rb8 1/2-1/2

[Event "61st World Juniors 2024"]
[Site "Gandhinagar IND"]
[Date "2024.06.05"]
[Round "4.4"]
[White "Davtyan, Arsen"]
[Black "Subelj, Jan"]
[Result "1/2-1/2"]
[WhiteTitle "IM"]
[BlackTitle "GM"]
[WhiteElo "2415"]
[BlackElo "2514"]
[WhiteFideId "13309315"]
[BlackFideId "14618583"]
[EventDate "2024.06.02"]

1. d4 Nf6 2. c4 c6 3. Nf3 d5 4. g3 Bg4 5. Ne5 Bf5 6. cxd5 cxd5 7. Nc3 Nc6 8. f3
g6 9. Bg2 Bg7 10. O-O O-O 11. g4 Be6 12. e3 Ne8 13. Nd3 Bc8 14. f4 e6 15. Bd2
Nd6 16. Be1 b6 17. Rc1 Ba6 18. Kh1 Rc8 19. Rf2 f5 20. g5 Ne4 21. Nxe4 fxe4 22.
Nb4 Nxb4 23. Bxb4 Re8 24. Rxc8 Qxc8 25. Rc2 Qd7 26. Qc1 Bf8 27. Bxf8 Kxf8 28.
Kg1 Rc8 29. Rxc8+ Qxc8 30. Qxc8+ Bxc8 31. Bf1 Ke7 32. Kf2 Kd6 33. h4 Bd7 34. Be2
a5 35. a3 b5 36. b4 1/2-1/2

[Event "61st World Juniors 2024"]
[Site "Gandhinagar IND"]
[Date "2024.06.05"]
[Round "4.5"]
[White "Avinash, Ramesh"]
[Black "Budisavljevic, Luka"]
[Result "1/2-1/2"]
[WhiteTitle "IM"]
[BlackTitle "GM"]
[WhiteElo "2252"]
[BlackElo "2468"]
[WhiteFideId "45018340"]
[BlackFideId "960047"]
[EventDate "2024.06.02"]

1. e4 e6 2. d4 d5 3. Nc3 Nf6 4. Bg5 dxe4 5. Nxe4 Be7 6. Nxf6+ Bxf6 7. Bxf6 Qxf6
8. Nf3 Bd7 9. Qd2 c5 10. O-O-O cxd4 11. Qxd4 Qxd4 12. Nxd4 Nc6 13. Bb5 Rc8 14.
Rhe1 Nxd4 15. Bxd7+ Kxd7 16. Rxd4+ Ke7 17. Red1 Rc7 18. c3 g5 19. h4 h6 20. g3
Rg8 21. R1d2 Rg6 22. Kd1 Rf6 23. Ke2 Rf5 24. Kf1 Rb5 25. hxg5 hxg5 26. c4 Rbc5
27. b3 b5 28. cxb5 Rxb5 29. Kg2 Rbc5 30. Kg1 f5 31. Rd1 Rc2 32. R4d2 a6 33. Kg2
g4 34. Kg1 R7c5 35. Kg2 Rc6 36. Kg1 Rc7 37. Kg2 R7c5 38. Kg1 Rc6 39. Kg2 Kf6 40.
Kg1 Rxd2 41. Rxd2 Ke5 42. Kg2 Ke4 43. Re2+ Kd3 44. Re5 Kc3 45. Kf1 Kb4 46. Kg2
a5 47. Re2 Ka3 48. f3 Rc5 49. fxg4 fxg4 50. Rxe6 Rc2+ 51. Kf1 Rxa2 52. Rb6 Kb2
53. Ke2 Kc3+ 54. Ke3 Ra3 55. Kf4 Rxb3 56. Rc6+ Kb2 57. Kxg4 a4 58. Ra6 a3 59.
Kf4 Rb4+ 60. Kf5 Kb3 61. Rxa3+ Kxa3 62. g4 Rb1 63. g5 Kb4 64. g6 Kc5 65. g7 Rg1
66. Kf6 Kd6 67. Kf7 Rf1+ 68. Ke8 Re1+ 69. Kf7 Rf1+ 70. Ke8 Re1+ 1/2-1/2

[Event "61st World Juniors 2024"]
[Site "Gandhinagar IND"]
[Date "2024.06.05"]
[Round "4.6"]
[White "Fromm, Marius"]
[Black "Domalchuk-Jonasson, Aleksandr"]
[Result "1/2-1/2"]
[WhiteTitle "IM"]
[BlackTitle "IM"]
[WhiteElo "2465"]
[BlackElo "2380"]
[WhiteFideId "12993190"]
[BlackFideId "14142805"]
[EventDate "2024.06.02"]

1. e4 e5 2. Nf3 Nc6 3. Bb5 g6 4. c3 a6 5. Ba4 b5 6. Bb3 Bg7 7. d4 exd4 8. cxd4
Nge7 9. O-O O-O 10. d5 Na5 11. Bd2 Nxb3 12. Qxb3 d6 13. Bc3 Bb7 14. Bxg7 Kxg7
15. Nc3 Qd7 16. Rad1 Rad8 17. Nd4 c5 18. dxc6 Bxc6 19. f4 Rde8 20. f5 Ng8 21.
Rfe1 Ba8 22. h3 Qa7 23. a3 Nf6 24. Qc2 Qc5 25. Qd3 Re7 26. b4 Qc7 27. fxg6 fxg6
28. Nd5 Nxd5 29. exd5 Rxe1+ 30. Rxe1 Bxd5 31. Nxb5 axb5 32. Qxd5 Rf5 33. Qd4+
Re5 34. Rd1 h5 35. Qxd6 Qxd6 36. Rxd6 Re3 37. Ra6 h4 38. Kf2 Rb3 39. Ra5 Kf6 40.
Ke2 g5 41. Rxb5 Rxa3 42. Rc5 Rg3 43. Kf2 g4 44. hxg4 Rxg4 45. b5 Rb4 46. Kf3 Rb2
47. Rc6+ Kf5 48. Rc5+ Kf6 49. Rd5 Ke6 50. Rh5 Kf6 51. Rh6+ Kf5 52. b6 Rb3+ 53.
Ke2 Kg5 54. Rc6 Rb2+ 55. Kf3 Kf5 56. Rd6 Rb3+ 57. Kf2 Rb2+ 58. Kf3 1/2-1/2

[Event "61st World Juniors 2024"]
[Site "Gandhinagar IND"]
[Date "2024.06.05"]
[Round "4.7"]
[White "Pawar, Harshit"]
[Black "Quizon, Daniel"]
[Result "1/2-1/2"]
[BlackTitle "IM"]
[WhiteElo "2132"]
[BlackElo "2448"]
[WhiteFideId "366130595"]
[BlackFideId "5217911"]
[EventDate "2024.06.02"]

1. e4 c5 2. Nc3 Nc6 3. Bb5 g6 4. Bxc6 bxc6 5. f4 Bg7 6. Nf3 d6 7. d3 Nf6 8. h3
O-O 9. O-O Rb8 10. Qe1 Qb6 11. Kh2 Ne8 12. Bd2 Qc7 13. Rb1 f6 14. Kh1 e5 15. b3
Be6 16. Qg3 Qd7 17. Rbe1 Nc7 18. Rf2 Nb5 19. fxe5 fxe5 20. Nxb5 cxb5 21. Ng5
Rxf2 1/2-1/2

[Event "61st World Juniors 2024"]
[Site "Gandhinagar IND"]
[Date "2024.06.05"]
[Round "4.9"]
[White "Prraneeth, Vuppala"]
[Black "Ayush, Sharma"]
[Result "1/2-1/2"]
[WhiteTitle "GM"]
[BlackTitle "IM"]
[WhiteElo "2436"]
[BlackElo "2325"]
[WhiteFideId "46622373"]
[BlackFideId "45010943"]
[EventDate "2024.06.02"]

1. d4 Nf6 2. c4 e6 3. Nc3 Bb4 4. e3 O-O 5. Bd3 c5 6. a3 Bxc3+ 7. bxc3 d5 8. cxd5
exd5 9. Ne2 b6 10. O-O Ba6 11. Bxa6 Nxa6 12. Qd3 Nc7 13. dxc5 bxc5 14. c4 Rb8
15. Rd1 dxc4 16. Qc2 Qe7 17. Qxc4 Ncd5 18. Bd2 Rb2 19. Rab1 Nb6 20. Qa6 Rxb1 21.
Rxb1 Qe4 22. Rc1 Rd8 23. Be1 Qa4 24. Qa5 Qxa5 25. Bxa5 Rd3 26. h3 Nfd7 27. Bc3
Na4 28. Rc2 f6 29. Rd2 Ne5 30. Kf1 Kf7 31. f4 Rxd2 32. Bxd2 Nc4 33. Bc1 Ke6 34.
e4 Nd6 35. Ng3 Nc3 36. Nh5 Ndxe4 37. Nxg7+ Kd5 38. g4 Kc4 39. g5 Kd3 40. h4 fxg5
41. fxg5 Ne2 42. Bb2 c4 43. Ne6 Nd2+ 44. Kf2 c3 45. Bxc3 Nxc3 46. Nf8 Nce4+ 47.
Kg2 Ke3 48. Nxh7 Nf3 49. Kh3 Ne5 50. h5 Kf4 51. g6 Ng4 52. Nf8 Nh6 53. Ne6+ Ke5
54. Nd8 Kd6 55. g7 Ng5+ 56. Kh4 Nf3+ 57. Kg3 Ng5 58. Kf4 Nh3+ 59. Kg3 1/2-1/2